| Tag |
First Indicator |
Second Indicator |
Subfields |
| LEADER |
00000cam a2200000 a 4500 |
| 001 |
in00002775475 |
| 005 |
20211120170102.0 |
| 006 |
m o d f |
| 007 |
cr mn||||||||| |
| 008 |
121024s2009 dcua obf f000 0 eng c |
| 035 |
|
|
|a (OCoLC)ocn814292211
|
| 040 |
|
|
|a GPO
|c GPO
|d MvI
|d UtOrBLW
|
| 042 |
|
|
|a pcc
|
| 043 |
|
|
|a n-us---
|
| 049 |
|
|
|a WWW
|
| 074 |
|
|
|a 0324-A-02 (online)
|
| 086 |
0 |
|
|a D 101.20:6-02.40/2009
|
| 110 |
1 |
|
|a United States.
|b Department of the Army.
|
| 245 |
1 |
0 |
|a Visual information operations /
|c Headquarters, Department of the Army.
|
| 264 |
|
1 |
|a Washington, DC :
|b Headquarters, Dept. of the Army,
|c [2009]
|
| 300 |
|
|
|a 1 online resource :
|b illustrations
|
| 336 |
|
|
|a text
|b txt
|2 rdacontent
|
| 337 |
|
|
|a computer
|b c
|2 rdamedia
|
| 338 |
|
|
|a online resource
|b cr
|2 rdacarrier
|
| 490 |
1 |
|
|a Field manual ;
|v no. 6-02.40
|
| 500 |
|
|
|a Title from PDF title screen (viewed Oct. 17, 2012).
|
| 500 |
|
|
|a "10 March 2009."
|
| 500 |
|
|
|a "This publication supersedes FM 6-02.40, 24 January 2002."
|
| 504 |
|
|
|a Includes bibliographical references.
|
| 500 |
|
|
|a Electronic resource.
|
| 650 |
|
0 |
|a Photography, Military
|z United States
|v Handbooks, manuals, etc.
|
| 610 |
1 |
0 |
|a United States.
|b Army
|v Handbooks, manuals, etc.
|
| 810 |
1 |
|
|a United States.
|b Department of the Army.
|t Field manual ;
|v no. 6-02.40.
|
| 856 |
4 |
0 |
|u https://purl.fdlp.gov/GPO/gpo29983
|t 0
|
| 999 |
|
|
|a MARS
|
| 999 |
f |
f |
|s de8d672e-7006-36d1-a501-2678fb6d7bba
|i 789a66f4-ce55-300c-93c6-e34a6d579474
|t 0
|
| 952 |
f |
f |
|a Texas A&M University
|b College Station
|c Electronic Resources
|d Available Online
|t 0
|e D 101.20:6-02.40/2009
|h Superintendent of Documents classification
|
| 998 |
f |
f |
|a D 101.20:6-02.40/2009
|t 0
|l Available Online
|